Guidelines on PDA forensics : recommendations of the National Institute of Standards and Technology /

Personal Digital Assistants (PDAs) are a relatively recent phenomenon, not usually covered in classical computer forensics. This guide attempts to bridge that gap by providing an in-depth look into PDAs and explaining the technologies involved and their relationship to forensic procedures. It covers...

Full description

Bibliographic Details
Main Author: Jansen, Wayne
Corporate Author: Information Technology Laboratory (National Institute of Standards and Technology)
Other Authors: Ayers, Rick
Format: Government Document eBook
Language:English
Published: Gaithersburg, MD : Computer Security Division, Information Technology Laboratory, [2004]
Series:NIST special publication ; 800-72.
NIST special publication. Computer security.
Subjects:
Online Access:https://purl.fdlp.gov/GPO/LPS69977

MARC

Tag First Indicator Second Indicator Subfields
LEADER 00000cam a2200000Ia 4500
001 in00002201635
006 m d f
007 cr mn|||||||||
008 041119s2004 dcuad sb f000 0 eng d
005 20230331150119.1
035 |a (OCoLC)ocm56997501 
035 |a in00002201635 
040 |a SNM  |c SNM  |d OCLCQ  |d GPO  |d MvI  |d UtOrBLW 
043 |a n-us--- 
049 |a WWW 
074 |a 0247 (online) 
086 0 |a C 13.10:800-72 
090 |a HV8079.C65  |b J36 2004eb 
100 1 |a Jansen, Wayne. 
245 1 0 |a Guidelines on PDA forensics :  |b recommendations of the National Institute of Standards and Technology /  |c Wayne Jansen, Rick Ayers. 
246 3 0 |a Guidelines on Personal Digital Assistant forensics 
264 1 |a Gaithersburg, MD :  |b Computer Security Division, Information Technology Laboratory,  |c [2004] 
300 |a viii, 59 pages :  |b digital, PDF file. 
336 |a text  |b txt  |2 rdacontent 
337 |a computer  |b c  |2 rdamedia 
338 |a online resource  |b cr  |2 rdacarrier 
490 1 |a NIST special publication ;  |v 800-72.  |a Computer security 
500 |a "November 2004." 
500 |a Title from title screen (viewed on Nov. 19, 2004). 
504 |a Includes bibliographical references. 
520 |a Personal Digital Assistants (PDAs) are a relatively recent phenomenon, not usually covered in classical computer forensics. This guide attempts to bridge that gap by providing an in-depth look into PDAs and explaining the technologies involved and their relationship to forensic procedures. It covers three families of devices -- Pocket PC, Palm OS, and Linux-based PDAs -- and the characteristics of their associated operating system. This guide also discusses procedures for the preservation, acquisition, examination, analysis, and reporting of digital information present on PDAs, as well as available forensic tools. 
538 |a Mode of access: World Wide Web from NIST web site. Address as of 11/14/04: http://csrc.nist.gov/publications/nistpubs/800-72/sp800-72.pdf; current access available via PURL. 
500 |a Electronic resource. 
650 0 |a Computer security  |x Standards  |z United States. 
650 0 |a Computer crimes  |x Investigation. 
700 1 |a Ayers, Rick. 
710 2 |a Information Technology Laboratory (National Institute of Standards and Technology) 
830 0 |a NIST special publication ;  |v 800-72. 
830 0 |a NIST special publication.  |p Computer security. 
856 4 0 |u https://purl.fdlp.gov/GPO/LPS69977  |t 0 
999 |a MARS 
999 f f |i 3ab59b7b-2922-32e0-b0d7-057066f7eefe  |s 25a15326-05a3-3e3d-95db-878e0fc827b5  |t 0 
952 f f |a Texas A&M University  |b College Station  |c Electronic Resources  |d Available Online  |t 0  |e C 13.10:800-72  |h Superintendent of Documents classification 
998 f f |a C 13.10:800-72  |t 0  |l Available Online